<?xml version="1.0" encoding="UTF-8"?>
<record
    xmlns:xsi="http://www.w3.org/2001/XMLSchema-instance"
    xsi:schemaLocation="http://www.loc.gov/MARC21/slim http://www.loc.gov/standards/marcxml/schema/MARC21slim.xsd"
    xmlns="http://www.loc.gov/MARC21/slim">

  <leader>00851nam a22001937a 4500</leader>
  <controlfield tag="005">20150124121513.0</controlfield>
  <controlfield tag="008">101029t        mx||||| |||| 00| 0 spa d</controlfield>
  <datafield tag="020" ind1=" " ind2=" ">
    <subfield code="a">9709836056</subfield>
  </datafield>
  <datafield tag="050" ind1="0" ind2="4">
    <subfield code="a">KGF7790 .2 </subfield>
    <subfield code="b">M37 2008</subfield>
  </datafield>
  <datafield tag="100" ind1="1" ind2=" ">
    <subfield code="a">Mar&#xED;n Tello, Isabel.</subfield>
  </datafield>
  <datafield tag="245" ind1="1" ind2="0">
    <subfield code="a">Delitos, pecados y castigos :</subfield>
    <subfield code="b">Justicia penal y orden social, 1750-1810/</subfield>
    <subfield code="c">Ma. Isabel Mar&#xED;n Tello</subfield>
  </datafield>
  <datafield tag="250" ind1=" " ind2=" ">
    <subfield code="a">1a ed.</subfield>
  </datafield>
  <datafield tag="260" ind1=" " ind2=" ">
    <subfield code="a">Morelia, Michoac&#xE1;n de Ocampo, M&#xE9;xico :</subfield>
    <subfield code="b">Universidad Michoacana de San Nicol&#xE1;s de Hidalgo, Secretaria de Difusi&#xF3;n Cultural y Extesi&#xF3;n Universitaria, </subfield>
    <subfield code="c">2008.</subfield>
  </datafield>
  <datafield tag="300" ind1=" " ind2=" ">
    <subfield code="a">335 p. ;</subfield>
    <subfield code="c">22 cm.</subfield>
  </datafield>
  <datafield tag="504" ind1=" " ind2=" ">
    <subfield code="a">Incluye &#xED;ndice y bibliograf&#xED;a ; </subfield>
    <subfield code="b">(p. 315-334)</subfield>
  </datafield>
  <datafield tag="650" ind1=" " ind2="7">
    <subfield code="2">LEMB</subfield>
    <subfield code="a">Transgresiones</subfield>
    <subfield code="x">Derecho penal</subfield>
    <subfield code="z">Michoac&#xE1;n de Ocampo, M&#xE9;xico </subfield>
  </datafield>
  <datafield tag="650" ind1=" " ind2="4">
    <subfield code="2">LEMB</subfield>
    <subfield code="a">Proceso judicial </subfield>
    <subfield code="x">Historia</subfield>
    <subfield code="y">1750-1810</subfield>
    <subfield code="z">Michoac&#xE1;n de Ocampo, M&#xE9;xico </subfield>
  </datafield>
  <datafield tag="942" ind1=" " ind2=" ">
    <subfield code="2">lcc</subfield>
    <subfield code="c">LIB</subfield>
  </datafield>
  <datafield tag="999" ind1=" " ind2=" ">
    <subfield code="c">9108</subfield>
    <subfield code="d">9108</subfield>
  </datafield>
  <datafield tag="952" ind1=" " ind2=" ">
    <subfield code="1">0</subfield>
    <subfield code="2">lcc</subfield>
    <subfield code="4">0</subfield>
    <subfield code="7">0</subfield>
    <subfield code="a">UCIH</subfield>
    <subfield code="b">UCIH</subfield>
    <subfield code="c">GENERAL</subfield>
    <subfield code="d">2011-05-30</subfield>
    <subfield code="o">KGF7790.2  M37 2008</subfield>
    <subfield code="p">BCU000016318</subfield>
    <subfield code="r">2015-01-16 00:00:00</subfield>
    <subfield code="t">C : 1</subfield>
    <subfield code="y">LIB</subfield>
  </datafield>
  <datafield tag="952" ind1=" " ind2=" ">
    <subfield code="1">0</subfield>
    <subfield code="2">lcc</subfield>
    <subfield code="4">0</subfield>
    <subfield code="7">0</subfield>
    <subfield code="a">INV-033</subfield>
    <subfield code="b">INV-033</subfield>
    <subfield code="c">FM</subfield>
    <subfield code="d">2013-12-11</subfield>
    <subfield code="f">1</subfield>
    <subfield code="k">CA</subfield>
    <subfield code="o">KGF7790 .2 M37 2008</subfield>
    <subfield code="p">IIH000007884</subfield>
    <subfield code="r">2013-12-11 00:00:00</subfield>
    <subfield code="t">C:1</subfield>
    <subfield code="v">1.00</subfield>
    <subfield code="y">LIB</subfield>
    <subfield code="z">MICHOAC&#xC1;N</subfield>
  </datafield>
  <datafield tag="952" ind1=" " ind2=" ">
    <subfield code="1">0</subfield>
    <subfield code="2">lcc</subfield>
    <subfield code="4">0</subfield>
    <subfield code="7">0</subfield>
    <subfield code="a">INV-033</subfield>
    <subfield code="b">INV-033</subfield>
    <subfield code="c">FM</subfield>
    <subfield code="d">2013-12-11</subfield>
    <subfield code="f">1</subfield>
    <subfield code="k">CA</subfield>
    <subfield code="o">KGF7790 .2 M37 2008</subfield>
    <subfield code="p">IIH000007885</subfield>
    <subfield code="r">2015-01-16 00:00:00</subfield>
    <subfield code="t">C:2</subfield>
    <subfield code="v">1.00</subfield>
    <subfield code="y">LIB</subfield>
    <subfield code="z">MICHOAC&#xC1;N</subfield>
  </datafield>
  <datafield tag="952" ind1=" " ind2=" ">
    <subfield code="1">0</subfield>
    <subfield code="2">lcc</subfield>
    <subfield code="4">0</subfield>
    <subfield code="7">0</subfield>
    <subfield code="a">INV-033</subfield>
    <subfield code="b">INV-033</subfield>
    <subfield code="c">FM</subfield>
    <subfield code="d">2013-12-11</subfield>
    <subfield code="f">1</subfield>
    <subfield code="k">CA</subfield>
    <subfield code="o">KGF7790 .2 M37 2008</subfield>
    <subfield code="p">IIH000010620</subfield>
    <subfield code="r">2013-12-11 00:00:00</subfield>
    <subfield code="t">C:3</subfield>
    <subfield code="v">1.00</subfield>
    <subfield code="y">LIB</subfield>
    <subfield code="z">MICHOAC&#xC1;N</subfield>
  </datafield>
</record>
